Histoire de Rose et de Jean Duchemin / (Record no. 22409)

MARC details
000 -LEADER
fixed length control field 00760cam a22002531a 4500
001 - CONTROL NUMBER
control field f 01000351
003 - CONTROL NUMBER IDENTIFIER
control field DLC
005 - DATE AND TIME OF LATEST TRANSACTION
control field 20260227111237.0
008 - FIXED-LENGTH DATA ELEMENTS--GENERAL INFORMATION
fixed length control field 810918s1880 fr 000 1 fre
010 ## - LIBRARY OF CONGRESS CONTROL NUMBER
LC control number f 01000351
035 ## - SYSTEM CONTROL NUMBER
System control number (OCoLC)7771707
040 ## - CATALOGING SOURCE
Original cataloging agency DLC
Transcribing agency NcWsW
Modifying agency NcWsW
-- DLC
042 ## - AUTHENTICATION CODE
Authentication code premarc
050 00 - LIBRARY OF CONGRESS CALL NUMBER
Classification number PQ2315
Item number .H5 1880
100 1# - MAIN ENTRY--PERSONAL NAME
Personal name Karr, Alphonse,
Dates associated with a name 1808-1890.
245 10 - TITLE STATEMENT
Title Histoire de Rose et de Jean Duchemin /
Statement of responsibility, etc. par Alphonse Karr.
250 ## - EDITION STATEMENT
Edition statement Nouv. éd.
260 ## - PUBLICATION, DISTRIBUTION, ETC.
Place of publication, distribution, etc. Paris :
Name of publisher, distributor, etc. Calmann Lévy,
Date of publication, distribution, etc. 1880.
300 ## - PHYSICAL DESCRIPTION
Extent 305 p. ;
Dimensions 17 cm.
500 ## - GENERAL NOTE
General note Half-title: Œuvres complètes.
505 0# - FORMATTED CONTENTS NOTE
Formatted contents note Histoire de Rose et de Jean Duchemin.--Valin.--Une falaise à Étretat.
740 02 - ADDED ENTRY--UNCONTROLLED RELATED/ANALYTICAL TITLE
Uncontrolled related/analytical title Valin.
740 42 - ADDED ENTRY--UNCONTROLLED RELATED/ANALYTICAL TITLE
Uncontrolled related/analytical title Une falaise à Étretat.

No items available.

Powered by Koha